000 00793nam a22002297a 4500
008 240706b mp ||||| |||| 00| 0 mon d
020 _a978-99962-2-185-9
035 _a18404
040 _aBH0164090
_bmon
_cMN-UlNLM
_dMN-UlNLM
_erda
041 _amon
042 _a89697
084 _2NNA
_a85.125
_bД-275
100 _aДамдинсүрэн Д.
245 0 _aИх хүрээний нэрт урчууд
264 _aУлаанбаатар
_bУлсын хэвлэлийн газар
_c2012
300 _a364х.
336 _2rdacontent
_atext
_btxt
337 _2rdamedia
_aunmediated
_bn
338 _2rdacarrier
_avolume
_bnc
650 _aИх хүрээний нэрт урчууд Их хүрээний нэрт урчууд Гарчиг: 1 бүлэг
942 _2NNA
_cBK
999 _c1116694
_d1116751